000 00475nam a2200169Ia 4500
005 20250415164018.0
008 231217s9999 xx 000 0 und d
020 _a9788131412541
082 _a323.448 JAI;1 R
100 _aJain, Ravi Kumar B ed.
245 0 _aTrust management in virtual environment
250 _a1st ed.
260 _c2008
_bIcfai University press
_aHyderabad
300 _avii, 203
650 _aTrust,management,virtual,environment
942 _cAA
999 _c185259
_d185259